000 00335 a2200157 4500
001 193007
020 _a978-85-356-2281-2
040 _cMagnum
100 _aCunha, Leo
240 1 0 _aO gato de estimação
_lpor
245 1 0 _aO gato de estimação
300 _a12
362 0 _a2008
697 _aLITERATURA INFANTO
942 _cBK
999 _c193007
_d193007